| 000 | 01517nam a2200241Ia 4500 | ||
|---|---|---|---|
| 999 |
_c55488 _d55488 |
||
| 001 | 22570 | ||
| 003 | GE_BSU | ||
| 005 | 20220920123701.0 | ||
| 008 | 181216s2009||||ge |||||||||||||| ||geo|| | ||
| 040 | _cGE_BSU | ||
| 041 | _ageo | ||
| 080 | _a33 ო-47 | ||
| 100 |
_aონიანი, ლელა _93193 |
||
| 245 |
_aძირითადი დარგების ეფექტიანობაზე მოქმედი ფაქტორები აგრარული რეფორმების პირობებში : დისერტაცია / _cლელა ონიანი; სამეცნ. ხელმძღვანელი ჰ. გიორგაძე; შოთა რუსთაველის სახელმწიფო უნივერსიტეტი. |
||
| 264 |
_aბათუმი, _b _c2009. |
||
| 300 |
_a148 გვ. ; _b30 სმ. |
||
| 653 | _aბიზნესის მართვა | ||
| 653 | _aძირითადი დარგების ეფექტიანობაზე მოქმედი ფაქტორები აგრარული რეფორმების პირობებში | ||
| 653 | _aდისერტაცია | ||
| 700 |
_aგიორგაძე, ჰ. _eსამეცნ. ხელმძღვანელი _910610 |
||
| 710 |
_aშოთა რუსთაველის სახელმწიფო უნივერსიტეტი. _910611 |
||
| 942 |
_cBK _2udc |
||